[Event "SVK-chT3A2 1415"]
[Site "Slovakia"]
[Date "2015.03.08"]
[Round "10.2"]
[White "Bjel, Jan"]
[Black "Kubik, Peter"]
[Result "1-0"]
[WhiteElo "1823"]
[BlackElo "1854"]
[PlyCount "149"]
[EventDate "2014.10.19"]
[EventType "team-tourn"]
[EventRounds "11"]
[EventCountry "SVK"]
[SourceTitle "EXT 2019"]
[Source "ChessBase"]
[SourceDate "2018.10.10"]
[SourceVersion "1"]
[SourceVersionDate "2018.10.10"]
[SourceQuality "1"]

1. e4 d5 2. exd5 Qxd5 3. Nc3 Qa5 4. d4 Nf6 5. Bc4 Bg4 6. f3 Bf5 7. Nge2 e6 8. g4 Bg6 9. h4 h6 10. Bd3 Bxd3 11. Qxd3 Nbd7 12. Qb5 Qxb5 13. Nxb5 Bd6 14. Bd2 a6 15. Nxd6+ cxd6 16. Bb4 d5 17. 0-0-0 b5 18. g5 Ng8 19. Rdg1 Ne7 20. gxh6 gxh6 21. Rg2 Nf5 22. Rhg1 Nf6 23. Be1 Rc8 24. Bf2 Kd7 25. Kd2 Ne8 26. b3 Ned6 27. Nf4 b4 28. Nd3 a5 29. Nc5+ Ke7 30. Kd3 Rc7 31. Rg8 Rc8 32. R8g2 Ne8 33. Bg3 Nxg3 34. Rxg3 Nd6 35. h5 Nf5 36. Rg4 Rc7 37. Rg8 Rc8 38. Rxh8 Rxh8 39. Nb7 Rc8 40. Nc5 Kd6 41. Nb7+ Kc6 42. Nc5 Kb5 43. Na4 Kc6 44. Rg4 Kd6 45. c4 bxc3 46. Nxc3 Ke7 47. Ne2 Rb8 48. Ng3 Nd6 49. Ne2 Nf5 50. Nc3 Rb4 51. Ne2 Rb8 52. Ng3 Nd6 53. Ne2 Nf5 54. Nc3 Rb4 55. Rf4 Ng7 56. Rh4 Nf5 57. Rg4 Kf6 58. Ne2 Rb7 59. Rg8 Ra7 60. Ng3 Nxg3 61. Rxg3 e5 62. Rg8 Re7 63. Ra8 Kg5 64. Rxa5 Kxh5 65. Rxd5 f6 66. dxe5 fxe5 67. Ke4 Kg5 68. Rxe5+ Rxe5+ 69. Kxe5 h5 70. f4+ Kg4 71. f5 h4 72. f6 h3 73. f7 h2 74. f8Q h1Q 75. Qg8+ 1-0

[Event "SVK-chT4A21 1415"]
[Site "Slovakia"]
[Date "2015.01.18"]
[Round "7.4"]
[White "Kubik, Peter"]
[Black "Pericka, Pavol"]
[Result "1-0"]
[WhiteElo "1826"]
[BlackElo "1789"]
[PlyCount "91"]
[EventDate "2014.10.12"]
[EventType "team-tourn"]
[EventRounds "11"]
[EventCountry "SVK"]
[SourceTitle "EXT 2022"]
[Source "ChessBase"]
[SourceDate "2021.10.06"]
[SourceVersion "1"]
[SourceVersionDate "2021.10.06"]
[SourceQuality "1"]
[WhiteTeam "Skalica II"]
[BlackTeam "Brezova"]
[WhiteTeamCountry "SVK"]
[BlackTeamCountry "SVK"]

1. e4 e5 2. Nf3 Nc6 3. Bb5 a6 4. Ba4 Nf6 5. 0-0 b5 6. Bb3 Be7 7. Re1 0-0 8. c3 d5 9. exd5 Nxd5 10. Nxe5 Nxe5 11. Rxe5 Nf6 12. h3 Bd6 13. Re3 Bb7 14. d4 Re8 15. Rxe8+ Qxe8 16. Nd2 Rd8 17. Kf1 c5 18. Nf3 cxd4 19. cxd4 h6 20. Be3 Nd5 21. Qd3 Nb4 22. Qf5 Be4 23. Bxf7+ Kh8 24. Bxe8 Bxf5 25. Bf7 Nc2 26. Rc1 Rc8 27. Kg1 Rf8 28. Bb3 Nxe3 29. fxe3 Bxh3 30. Bd5 Bg4 31. Rc6 Bg3 32. Rxa6 Bd7 33. Rg6 Bc7 34. Ne5 Bxe5 35. dxe5 Re8 36. Rd6 Re7 37. e6 Be8 38. Rd8 Kh7 39. b3 Kg6 40. Ra8 Kf6 41. a4 Ke5 42. e4 Kd6 43. a5 Kc5 44. Rc8+ Kb4 45. a6 Ka5 46. a7 1-0

[Event "SVK-chT3A2 1314"]
[Site "Slovakia"]
[Date "2014.02.02"]
[Round "8.2"]
[White "Kubik, Peter"]
[Black "Kanka, Tomas"]
[Result "1/2-1/2"]
[WhiteElo "1824"]
[BlackElo "1688"]
[PlyCount "58"]
[EventDate "2013.10.13"]
[EventType "team-tourn"]
[EventRounds "11"]
[EventCountry "SVK"]
[SourceTitle "EXT 2015"]
[Source "ChessBase"]
[SourceDate "2014.11.20"]
[SourceVersion "1"]
[SourceVersionDate "2014.11.20"]
[SourceQuality "1"]
[WhiteTeam "Skalica"]
[BlackTeam "Gbely Nafta"]
[WhiteTeamCountry "SVK"]
[BlackTeamCountry "SVK"]

1. e4 Nc6 2. d4 d5 3. e5 Bf5 4. Bb5 e6 5. Nf3 h6 6. 0-0 Nge7 7. Nbd2 a6 8. Ba4 b5 9. Bb3 Na5 10. c3 Nxb3 11. Nxb3 Nc6 12. h3 Be7 13. Re1 0-0 14. Re3 Kh8 15. Nc5 Bxc5 16. dxc5 Bg6 17. Nd4 Na5 18. b3 Qd7 19. Rg3 Rg8 20. h4 Bh7 21. Bf4 Nc6 22. h5 Ne7 23. Qg4 Rab8 24. a3 a5 25. Kh2 b4 26. axb4 axb4 27. cxb4 Rxb4 28. Ra6 Nc8 29. c6 Qe8 1/2-1/2

[Event "SVK-chT4A21 1314"]
[Site "Slovakia"]
[Date "2014.01.12"]
[Round "6.3"]
[White "Klimes, Karel"]
[Black "Kubik, Peter"]
[Result "0-1"]
[WhiteElo "1651"]
[BlackElo "1824"]
[PlyCount "162"]
[EventDate "2013.10.06"]
[EventType "team-tourn"]
[EventRounds "11"]
[EventCountry "SVK"]
[SourceTitle "EXT 2022"]
[Source "ChessBase"]
[SourceDate "2021.10.06"]
[SourceVersion "1"]
[SourceVersionDate "2021.10.06"]
[SourceQuality "1"]
[WhiteTeam "Stefanov"]
[BlackTeam "Skalica II"]
[WhiteTeamCountry "SVK"]
[BlackTeamCountry "SVK"]

1. e4 e5 2. Nf3 Nc6 3. Bc4 Bc5 4. c3 Nf6 5. d3 h6 6. b4 Bd6 7. Be3 0-0 8. 0-0 a6 9. a4 Be7 10. Nbd2 d6 11. Qb3 Nh5 12. d4 Bf6 13. d5 Ne7 14. b5 b6 15. Bd3 a5 16. Rfe1 Ng6 17. Bf1 Nhf4 18. g3 Nh3+ 19. Kh1 h5 20. Ng1 Nxg1 21. Kxg1 h4 22. Nf3 Be7 23. Bd3 Bg4 24. Be2 f5 25. exf5 Bxf5 26. Qc4 Rf7 27. Nd2 Bg5 28. Bh5 hxg3 29. hxg3 Qf6 30. Ne4 Bxe4 31. Qxe4 Bxe3 32. Qxe3 Qf5 33. g4 Qf6 34. Rf1 Re7 35. Bxg6 Qxg6 36. f3 Rf8 37. Ra2 e4 38. Rg2 Ref7 39. f4 Re8 40. f5 Qh6 41. Rf4 Qg5 42. Re2 Rxf5 43. Rxe4 Qxe3+ 44. R4xe3 Rxe3 45. Rxe3 Rxd5 46. Re4 Kf7 47. Kf2 Re5 48. Rc4 Rc5 49. Rf4+ Ke6 50. c4 d5 51. cxd5+ Rxd5 52. Kg3 g5 53. Rc4 Rd3+ 54. Kf2 Kd6 55. Rc6+ Kd7 56. Rc4 Rb3 57. Rd4+ Ke6 58. Rc4 Kd6 59. Rc6+ Kd7 60. Rc4 Rb4 61. Rxb4 axb4 62. Ke3 Ke6 63. Kd4 b3 64. Kc3 b2 65. Kxb2 Ke5 66. Kc3 Kf4 67. Kd4 Kxg4 68. Kd5 Kf5 69. Kc6 g4 70. Kxc7 g3 71. Kxb6 g2 72. Ka6 g1Q 73. a5 Qg2 74. Ka7 Qg7+ 75. Ka6 Qc7 76. b6 Qb8 77. b7 Ke6 78. Kb6 Kd7 79. a6 Kd6 80. Kb5 Kc7 81. Ka5 Qa7 0-1

[Event "SVK-chT4A21 1314"]
[Site "Slovakia"]
[Date "2013.11.03"]
[Round "3.3"]
[White "Kubik, Peter"]
[Black "Ocko, Martin"]
[Result "0-1"]
[WhiteElo "1824"]
[BlackElo "1736"]
[PlyCount "90"]
[EventDate "2013.10.06"]
[EventType "team-tourn"]
[EventRounds "11"]
[EventCountry "SVK"]
[SourceTitle "EXT 2022"]
[Source "ChessBase"]
[SourceDate "2021.10.06"]
[SourceVersion "1"]
[SourceVersionDate "2021.10.06"]
[SourceQuality "1"]
[WhiteTeam "Skalica II"]
[BlackTeam "Senica CVC II"]
[WhiteTeamCountry "SVK"]
[BlackTeamCountry "SVK"]

1. e4 c5 2. Nf3 Nc6 3. d4 cxd4 4. Nxd4 g6 5. Nc3 Bg7 6. Be3 d6 7. Bc4 Nf6 8. 0-0 0-0 9. Qd2 Ng4 10. Nxc6 bxc6 11. Bd4 e5 12. Be3 Nxe3 13. Qxe3 Qb6 14. Qxb6 axb6 15. Rfd1 Rd8 16. Rd3 b5 17. Bb3 Be6 18. Rad1 Bf8 19. a3 Rdb8 20. Bxe6 fxe6 21. g3 b4 22. axb4 Rxb4 23. b3 d5 24. f3 Ra3 25. Kg2 d4 26. Ne2 Ra2 27. R1d2 c5 28. f4 Bh6 29. h4 c4 30. bxc4 Rxc4 31. Kf3 exf4 32. gxf4 e5 33. Rd1 Rcxc2 34. Re1 Bxf4 35. Nxf4 Rf2+ 36. Kg3 Rxf4 37. Rf3 Rxf3+ 38. Kxf3 Ra3+ 39. Kg4 Kg7 40. h5 Re3 41. Rxe3 dxe3 42. Kf3 gxh5 43. Kxe3 Kg6 44. Kf3 Kg5 45. Kg3 h4+ 0-1

[Event "SVK-chT3A2 1213"]
[Site "Slovakia"]
[Date "2013.03.24"]
[Round "11.6"]
[White "Kubik, Peter"]
[Black "Gajarsky, Roman"]
[Result "1/2-1/2"]
[WhiteElo "1862"]
[BlackElo "1873"]
[PlyCount "144"]
[EventDate "2012.10.07"]
[EventType "team-tourn"]
[EventRounds "11"]
[EventCountry "SVK"]
[SourceTitle "EXT 2015"]
[Source "ChessBase"]
[SourceDate "2014.11.20"]
[SourceVersion "1"]
[SourceVersionDate "2014.11.20"]
[SourceQuality "1"]
[WhiteTeam "Skalica"]
[BlackTeam "Hlohovec SK Zentiva"]
[WhiteTeamCountry "SVK"]
[BlackTeamCountry "SVK"]

1. e4 e6 2. d4 d5 3. Nd2 c5 4. Ngf3 c4 5. exd5 exd5 6. Ne5 Qf6 7. Ndf3 h6 8. c3 Bd6 9. g3 Ne7 10. Bg2 Nbc6 11. 0-0 Be6 12. Re1 0-0 13. Bf4 g5 14. Nxc6 gxf4 15. Nxe7+ Bxe7 16. Qd2 Bd6 17. Ne5 Kh7 18. Qxf4 Qxf4 19. gxf4 Rg8 20. Re3 Rg7 21. Rae1 Rag8 22. Rg3 h5 23. Rxg7+ Rxg7 24. Kf1 b5 25. Re3 a5 26. f5 Bxf5 27. Bxd5 f6 28. Nf3 Bf4 29. Re8 Bc1 30. b3 Bb2 31. Ke2 cxb3 32. axb3 Bxc3 33. Bc6 b4 34. d5 Bd7 35. Ra8 Re7+ 36. Kd3 Bf5+ 37. Kc4 Bg4 38. d6 Rg7 39. Re8 Kg6 40. Re7 Rg8 41. d7 Rd8 42. Kc5 a4 43. bxa4 b3 44. Re8 Ba5 45. Rxd8 Bxd8 46. Nd2 b2 47. Kb4 Kf7 48. Ka3 Ke7 49. Kxb2 Bxd7 50. Bxd7 Kxd7 51. Kc3 Bb6 52. f3 Bc7 53. h3 Ke6 54. Kd4 Kf5 55. Ke3 Bb6+ 56. Ke2 Kf4 57. h4 f5 58. Nf1 Bc5 59. a5 Ba7 60. a6 Bb6 61. Nd2 Kg3 62. Kf1 Ba7 63. Nc4 Kxf3 64. Ne5+ Kg3 65. Nc6 Bb6 66. a7 Bxa7 67. Nxa7 Kxh4 68. Nc6 Kg3 69. Ne5 h4 70. Ng6 h3 71. Kg1 f4 72. Nxf4 Kxf4 1/2-1/2

[Event "SVK-chT4A21 1213"]
[Site "Slovakia"]
[Date "2013.03.17"]
[Round "11.3"]
[White "Damborsky, Pavol"]
[Black "Kubik, Peter"]
[Result "0-1"]
[WhiteElo "1794"]
[BlackElo "1720"]
[PlyCount "94"]
[EventDate "2012.10.14"]
[EventType "team-tourn"]
[EventRounds "11"]
[EventCountry "SVK"]
[SourceTitle "EXT 2022"]
[Source "ChessBase"]
[SourceDate "2021.10.06"]
[SourceVersion "1"]
[SourceVersionDate "2021.10.06"]
[SourceQuality "1"]
[WhiteTeam "Kopcany"]
[BlackTeam "Skalica II"]
[WhiteTeamCountry "SVK"]
[BlackTeamCountry "SVK"]

1. e4 e5 2. Nf3 Nc6 3. Bc4 Nf6 4. d3 h6 5. Nc3 Bc5 6. h3 0-0 7. a3 d6 8. Ne2 a5 9. Ng3 d5 10. exd5 Nxd5 11. 0-0 Be6 12. Ne4 Ba7 13. c3 Kh8 14. Bd2 Nf4 15. Bxf4 exf4 16. Qb3 Bxc4 17. Qxc4 Qd7 18. d4 Rfe8 19. Rfe1 Re7 20. Nc5 Bxc5 21. dxc5 Rxe1+ 22. Rxe1 Qf5 23. Nd4 Nxd4 24. cxd4 f3 25. Qc3 fxg2 26. Kxg2 Rd8 27. Re5 Qg6+ 28. Kh2 b6 29. Qe3 Qf6 30. cxb6 cxb6 31. Re8+ Rxe8 32. Qxe8+ Kh7 33. Qe4+ g6 34. f4 Qe6 35. Qxe6 fxe6 36. Kg3 Kg7 37. Kf3 Kf6 38. Ke4 a4 39. h4 h5 40. d5 exd5+ 41. Kxd5 Kf5 42. Kc6 Kg4 43. Kxb6 Kxh4 44. Kb5 Kg4 45. Kxa4 h4 46. b4 h3 47. b5 h2 0-1

[Event "SVK-chT4A21 1213"]
[Site "Slovakia"]
[Date "2012.12.16"]
[Round "5.2"]
[White "Kubik, Peter"]
[Black "Kubis, Ivan"]
[Result "1/2-1/2"]
[WhiteElo "1720"]
[BlackElo "2013"]
[PlyCount "84"]
[EventDate "2012.10.14"]
[EventType "team-tourn"]
[EventRounds "11"]
[EventCountry "SVK"]
[SourceTitle "EXT 2022"]
[Source "ChessBase"]
[SourceDate "2021.10.06"]
[SourceVersion "1"]
[SourceVersionDate "2021.10.06"]
[SourceQuality "1"]
[WhiteTeam "Senica Dragon"]
[BlackTeam "Skalica II"]
[WhiteTeamCountry "SVK"]
[BlackTeamCountry "SVK"]

1. b3 e5 2. Bb2 Nc6 3. e3 d5 4. Bb5 Bd6 5. c4 Nf6 6. cxd5 Nxd5 7. Nc3 Be6 8. Nf3 0-0 9. 0-0 Nxc3 10. Bxc3 Bg4 11. Be2 f5 12. d4 exd4 13. Nxd4 Nxd4 14. Bxg4 Ne6 15. Bf3 c6 16. g3 Qe7 17. Bg2 Rad8 18. Qc2 Ng5 19. Rad1 Be5 20. Rxd8 Rxd8 21. Bxe5 Qxe5 22. Rd1 Rxd1+ 23. Qxd1 Nf7 24. Qd7 Nd6 25. Bf1 h6 26. h4 a5 27. Qc7 Qd5 28. Bg2 Qd1+ 29. Bf1 Qd2 30. a4 Kh7 31. h5 Qb4 32. Qd7 Qc5 33. Qe7 Ne4 34. Qxc5 Nxc5 35. Bc4 g5 36. hxg6+ Kxg6 37. f3 Kf6 38. Kf2 Ke5 39. Ke2 b5 40. axb5 cxb5 41. Bxb5 Nxb3 42. Kd3 Nc5+ 1/2-1/2

[Event "SVK-chT3A2 0910"]
[Site "Slovakia"]
[Date "2010.03.28"]
[Round "11.8"]
[White "Spacek, Marcel"]
[Black "Kubik, Peter"]
[Result "1/2-1/2"]
[WhiteElo "1585"]
[BlackElo "1573"]
[PlyCount "114"]
[EventDate "2009.10.18"]
[EventType "team-tourn"]
[EventRounds "11"]
[EventCountry "SVK"]
[SourceTitle "EXT 2011"]
[Source "ChessBase"]
[SourceDate "2010.11.26"]
[SourceVersion "1"]
[SourceVersionDate "2010.11.26"]
[SourceQuality "1"]
[WhiteTeam "Osuske II"]
[BlackTeam "Skalica"]
[WhiteTeamCountry "SVK"]
[BlackTeamCountry "SVK"]

1. d4 d5 2. c4 e6 3. Nc3 Nf6 4. cxd5 exd5 5. Bg5 c6 6. Qc2 Be7 7. e3 h6 8. Bh4 Be6 9. Bd3 Nbd7 10. Nge2 c5 11. Nf4 c4 12. Bg6 Nf8 13. Nxe6 Nxe6 14. Qf5 Nc7 15. Bxf6 Bxf6 16. Bh5 g6 17. Bxg6 fxg6 18. Qxg6+ Ke7 19. 0-0-0 Qg8 20. Qf5 Rf8 21. Rde1 Qe6 22. Qh5 Kd7 23. Qd1 b5 24. Ne2 Bg5 25. h4 Be7 26. Nf4 Qa6 27. Kb1 Rhg8 28. g3 Qd6 29. Rhf1 Ne6 30. Ne2 a5 31. Nc3 b4 32. Nb5 Qc6 33. Na7 Qb6 34. Qa4+ Kc7 35. Nb5+ Kb7 36. e4 Nxd4 37. Nxd4 Qxd4 38. exd5 Qc5 39. Qd7+ Qc7 40. Rxe7 Qxd7 41. Rxd7+ Kb6 42. Rd6+ Kc5 43. Rxh6 Rxg3 44. Rc6+ Kxd5 45. Ra6 Rgf3 46. Rxa5+ Kc6 47. Rg1 Rxf2 48. Ra6+ Kb5 49. Rd6 Rf1+ 50. Rxf1 Rxf1+ 51. Kc2 Rh1 52. Rd5+ Kc6 53. Rd4 Kc5 54. Re4 Rh2+ 55. Kc1 Rh1+ 56. Kd2 Rh2+ 57. Kc1 Rh1+ 1/2-1/2